000 01351cam a22003614a 4500
001 12192978
003 OSt
005 20151015141809.0
008 001002r20011971mdua b 001 0 eng
010 _a 00050647
020 _a0801867037 (pbk. : alk. paper)
040 _aDLC
_cDLC
_dDLC
042 _apcc
043 _aa-vt---
050 0 0 _aDS 557.8.T4
_b.Ob24 2001
082 0 0 _aIB 959.7043
_bOb2 2001
100 1 _aOberdorfer, Don.
245 1 0 _aTet! :
_bthe turning point in the vietnam war /
_cby Don Oberdorfer.
246 3 2 _aTurning point in the Vietnam War
260 _aBaltimore, MD :
_bJohns Hopkins University Press,
_c2001.
300 _axix, 385 p. :
_bill. ;
_c22 cm.
650 0 _aTet Offensive, 1968.
650 0 _aThe turning point in the Vietnam war.
856 4 2 _3Contributor biographical information
_uhttp://www.loc.gov/catdir/bios/jhu052/00050647.html
856 4 1 _3Table of contents
_uhttp://www.loc.gov/catdir/toc/jhu051/00050647.html
856 4 2 _3Publisher description
_uhttp://www.loc.gov/catdir/description/jhu051/00050647.html
906 _a7
_bcbc
_corignew
_d1
_eocip
_f20
_gy-gencatlg
942 _2lcc
_cBK
999 _c2370
_d2370